00406nam a2200157Ia 4500008004100000020001800041245003400059245005700093260001500150260001600165260000900181300001500190300002500205300001000230500000800240170705s9999 xx 000 0 und d a9780590441698 4aThe family under the bridge / cNatalie Savage Carlson ; pictures by Garth Williams. aNew York : bScholastic, c1958 a97 pages : bcolor illustration ; c19cm. a680